Přátelství měsíčník spolku "Krematorium"

Bibliographic Details
Previous Title:Žeh
Format: Journal
Language:Czech
PhysicalDescription:zv. 35 cm
Published: Praha Spolek Krematorium 1968-1973
Subjects:

MARC

LEADER 00000cas a2200000 a 4500
001 vtls008883271
003 SK-MaSNL
005 20260228162129.0
008 020923d19681973xr br p|r 0 0 b0czeoc
035 |a (SVKBB03)vtls000128827 
040 |a SVKBB  |b slo  |c SVKBB  |d SNK  |e AACR2 
041 0 |a cze 
044 |a xr  |c CZ 
072 7 |a +393  |x Smrť. Pohreby. Obyčaje pri úmrtí 
080 |a 393(05) 
080 |a 393.2  |2 2011 
080 |a 050  |2 2011 
080 |a (051)-048.55  |2 2011 
245 0 0 |a Přátelství  |b měsíčník spolku "Krematorium" 
260 |a Praha  |b Spolek Krematorium  |c 1968-1973 
300 |a zv.  |c 35 cm 
310 |a 6x ročne 
362 0 |a 1968-1973 
500 |a Od roku 1969 změna podnázvu: časopis společnosti přátel žehu 
650 0 7 |a kremácia  |2 SNKPH  |9 31575 
655 7 |a špecializované časopisy  |2 SNKPH  |9 70509 
780 0 0 |t Žeh 
910 |a snk 
999 |c 6897  |d 8827 
952 |0 0  |1 1  |4 0  |7 0  |a SNK  |b SNK  |d 2001-01-30  |l 0  |o snkČB 3934/1(17)/1968  |p 17A0265930  |r 2005-01-02 00:00:00  |t č. 1-3  |w 2026-02-21  |y PREZ 
952 |0 0  |1 1  |4 0  |7 0  |a SNK  |b SNK  |d 2001-01-30  |l 0  |o snkČB 3934/2(18)/1969  |p 17A0262082  |r 2005-01-02 00:00:00  |t č. 1-6  |w 2026-02-21  |y PREZ